Problems of social policy / (Record no. 64835)
[ view plain ]
| 000 -LEADER | |
|---|---|
| fixed length control field | 00969nam a2200277 a 4500 |
| 001 - CONTROL NUMBER | |
| control field | 64835 |
| 003 - CONTROL NUMBER IDENTIFIER | |
| rucl marc code | BD-RjUL |
| 005 - DATE AND TIME OF LATEST TRANSACTION | |
| control field | 20211209081344.0 |
| 008 - FIXED-LENGTH DATA ELEMENTS--GENERAL INFORMATION | |
| fixed length control field | 170223s1951 enk 001 0 eng d |
| 035 ## - SYSTEM CONTROL NUMBER | |
| System control number | (BD-RjUL)64965 |
| 040 ## - CATALOGING SOURCE | |
| Original cataloging agency | BD-RjUL |
| Language of cataloging | eng |
| Transcribing agency | BD-RjUL |
| Modifying agency | BD-RjUL |
| 041 ## - LANGUAGE CODE | |
| Language code of text/sound track or separate title | eng |
| 082 ## - DEWEY DECIMAL CLASSIFICATION NUMBER | |
| Edition number | 23 |
| Classification number | 940.5342 |
| Author mark and year | TIP 1951 |
| 100 1# - MAIN ENTRY--PERSONAL NAME | |
| Personal name | Titmuss, Richard Morris, |
| Dates associated with a name | 1907-1973. |
| 9 (RLIN) | 192228 |
| 245 10 - TITLE STATEMENT | |
| Title | Problems of social policy / |
| Statement of responsibility, etc. | by Richard M. Titmuss. |
| 260 ## - PUBLICATION, DISTRIBUTION, ETC. (IMPRINT) | |
| Place of publication, distribution, etc. | London : |
| Name of publisher, distributor, etc. | H.M.S.O. ; |
| Place of publication, distribution, etc. | London : |
| Name of publisher, distributor, etc. | Longmans, Green and Co, |
| Date of publication, distribution, etc. | 1950. |
| 300 ## - PHYSICAL DESCRIPTION | |
| Pagination | xi, 596 p. ; |
| Size | 25 cm.. |
| 490 1# - SERIES STATEMENT | |
| Series statement | History of the Second World War. United Kingdom civil series |
| 500 ## - GENERAL NOTE | |
| General note | Includes Index. |
| 650 #0 - SUBJECT ADDED ENTRY--TOPICAL TERM | |
| Topical term or geographic name as entry element | Social policy -- History |
| 9 (RLIN) | 192229 |
| Geographic subdivision | Great Britain |
| Topical term or geographic name as entry element | Public welfare |
| General subdivision | History |
| 9 (RLIN) | 192230 |
| Geographic subdivision | Great Britain |
| Topical term or geographic name as entry element | Social service |
| Geographic subdivision | Great Britain. |
| 9 (RLIN) | 192231 |
| Form subdivision | History |
| 830 #0 - SERIES ADDED ENTRY--UNIFORM TITLE | |
| Uniform title | History of the Second World War. |
| 942 ## - ADDED ENTRY ELEMENTS (KOHA) | |
| Source of classification or shelving scheme | Dewey Decimal Classification |
| Koha item type | Books |
| Lost status | Source of classification or shelving scheme | Damaged status | Not for loan | Collection code | Permanent Location | Current Location | Shelving location | Date acquired | Source of acquisition | Cost, normal purchase price | Total Checkouts | Full call number | Date last seen | Copy number | Koha item type |
|---|---|---|---|---|---|---|---|---|---|---|---|---|---|---|---|
| Dewey Decimal Classification | Not For Loan | Non-fiction | Central Library, University of Rajshahi | Central Library, University of Rajshahi | Reading Room | 11/06/1955 | Allies Books Cor. | 14.10 | 940.5342 TIP 1951 | 23/02/2017 | C-1 | Books |